Incas e Astecas : Culturas pre-colombianas / (Record no. 64050)

MARC details
000 -LEADER
fixed length control field 00614cam a2200217 4500
008 - FIXED-LENGTH DATA ELEMENTS--GENERAL INFORMATION
fixed length control field 1988 spa
020 ## - INTERNATIONAL STANDARD BOOK NUMBER
International Standard Book Number 85-08-03045-2
050 #4 - LIBRARY OF CONGRESS CALL NUMBER
Classification number F3429
Item number F47 1988
100 1# - MAIN ENTRY--PERSONAL NAME
Personal name Ferreira, Jorge Luiz
245 #0 - TITLE STATEMENT
Title Incas e Astecas : Culturas pre-colombianas /
Statement of responsibility, etc Jorge Luiz Ferreira.
260 ## - PUBLICATION, DISTRIBUTION, ETC. (IMPRINT)
Place of publication, distribution, etc Sao Pablo, Brasil :
Name of publisher, distributor, etc Atica,
Date of publication, distribution, etc 1988
300 ## - PHYSICAL DESCRIPTION
Extent 71 p. ;
Dimensions 19 cm.
440 #0 - SERIES STATEMENT/ADDED ENTRY--TITLE
Title Principios ; 149
504 ## - BIBLIOGRAPHY, ETC. NOTE
Bibliography, etc Bibliografia: p. 69-71
650 #4 - SUBJECT ADDED ENTRY--TOPICAL TERM
Topical term or geographic name as entry element Incas
650 #4 - SUBJECT ADDED ENTRY--TOPICAL TERM
Topical term or geographic name as entry element Aztecas
650 #4 - SUBJECT ADDED ENTRY--TOPICAL TERM
Topical term or geographic name as entry element Indios de América del Sur
General subdivision Peru
942 ## - ADDED ENTRY ELEMENTS (KOHA)
Source of classification or shelving scheme Biblioteca del Cogreso de los Estados Unidos
Koha item type Libro
Holdings
Estado de pérdida Fuente de clasificación Estado del daño No para préstamo Ubicación permanente Ubicación actual Apartado o colección Fecha de adquisición Fuente de adquisición Edición Dependencia de educación superior (DES) Área del conocimiento Clasificación Código de Barras Date last seen Número de copia Tipo de recurso
  Biblioteca del Cogreso de los Estados Unidos     Biblioteca del Instituto de Investigaciones Históricas Biblioteca del Instituto de Investigaciones Históricas General 09/08/2018 Donación 1a ed. Humanidades Ciencias Sociales y Administrativas F3429 F47 1988 IIH000023921 09/08/2018 C:1 Libro